Ke spravedlnosti : kritická teorie globální společnosti a politiky /

Hlavní autor: Hrubec, Marek, 1968-
Korporativní autor: Filosofický ústav (Akademie věd ČR)
Jazyk: Čeština
Vydáno: Praha : Filosofia, 2024
Vydání: Druhé, aktualizované vydání
Edice: Filosofie a sociální vědy
Témata:
Fyzický popis: 636 stran ; 20 cm
Language note: Anglické, čínské a španělské resumé
Knihy
Uloženo v:
LEADER 02682nam a2200733 i 4500
001 nkc20253663742
003 CZ PrNK
005 20250623150939.0
007 ta
008 250228s2024 xr f 001 0 cze
015 |a cnb003663742 
020 |a 978-80-7007-777-1  |q (vázáno) 
035 |a (OCoLC)1514346903 
040 |a ABA001  |b cze  |e rda 
041 0 |a cze  |b eng  |b chi  |b spa 
072 7 |a 321  |x Politologie  |2 Konspekt  |9 15 
080 |a 316.32  |2 MRF 
080 |a 321  |2 MRF 
080 |a 316.257  |2 MRF 
080 |a 32:1  |2 MRF 
080 |a 316.72/.73  |2 MRF 
080 |a 32:911.3  |2 MRF 
080 |a 177.9  |2 MRF 
080 |a 364.614.8  |2 MRF 
080 |a (048.8)  |2 MRF 
100 1 |a Hrubec, Marek,  |d 1968-  |7 xx0024851  |4 aut 
245 1 0 |a Ke spravedlnosti :  |b kritická teorie globální společnosti a politiky /  |c Marek Hrubec 
250 |a Druhé, aktualizované vydání 
264 1 |a Praha :  |b Filosofia,  |c 2024 
300 |a 636 stran ;  |c 20 cm 
336 |a text  |b txt  |2 rdacontent 
337 |a bez média  |b n  |2 rdamedia 
338 |a svazek  |b nc  |2 rdacarrier 
490 1 |a Filosofie a sociální vědy ;  |v 73 
504 |a Obsahuje bibliografii, bibliografické odkazy a rejstříky 
546 |a Anglické, čínské a španělské resumé 
550 |a Vydavatel: Filosofický ústav AV ČR 
650 0 7 |a globální společnost  |7 ph134656  |2 czenas 
650 0 7 |a liberalismus  |7 ph115136  |2 czenas 
650 0 7 |a kritická teorie  |7 ph121960  |2 czenas 
650 0 7 |a politická filozofie  |7 ph115786  |2 czenas 
650 0 7 |a dialog kultur  |7 ph478605  |2 czenas 
650 0 7 |a geopolitika  |7 ph120543  |2 czenas 
650 0 7 |a spravedlnost  |7 ph125972  |2 czenas 
650 0 7 |a sociální spravedlnost  |7 ph125813  |2 czenas 
650 0 9 |a global governance  |2 eczenas 
650 0 9 |a liberalism  |2 eczenas 
650 0 9 |a critical theory  |2 eczenas 
650 0 9 |a political philosophy  |2 eczenas 
650 0 9 |a dialogue of cultures  |2 eczenas 
650 0 9 |a geopolitics  |2 eczenas 
650 0 9 |a justice  |2 eczenas 
650 0 9 |a social justice  |2 eczenas 
655 7 |a monografie  |7 fd132842  |2 czenas 
655 9 |a monographs  |2 eczenas 
700 1 |i První vydání vyšlo pod názvem:  |a Hrubec, Marek,  |d 1968-  |t Od zneuznání ke spravedlnosti 
710 2 |a Filosofický ústav (Akademie věd ČR)  |7 kn20010709007  |4 isb 
830 0 |a Filosofie a sociální vědy  |0 s 
910 2 |a BOA001  |b 1-1544.531 
928 9 |a Filosofický ústav AV ČR 
990 |a BK 
995 |a 01 
996 6 |b 2611004115  |c 1-1544.531  |l MZK  |r Sklad / do 1 hodiny  |n 0  |p p.v.  |w 002005271  |u 000010  |a 1  |e BOA001  |j MZK50  |s P 
996 7 |b 2611005785  |c 1-1544.531  |l Vol.výběr  |r VV 0p  |n 0  |p kup  |h 321 HRU  |w 002005271  |u 000020  |a 0  |e BOA001  |j MZK50  |s A